书目信息 |
| 题名: |
The finite element method
|
|
| 作者: | 朱伯芳 著 | |
| 分册: | ||
| 出版信息: | 北京 清华大学出版社 2020.06 |
|
| 页数: | xxi, 843页 | |
| 开本: | 24cm | |
| 丛书名: | ||
| 单 册: | ||
| 中图分类: | O241.82 | |
| 科图分类: | ||
| 主题词: | 有限元法--you xian yuan fa--研究--英文 | |
| 电子资源: | ||
| ISBN: | 978-7-302-54265-0 | |
| 000 | 01256nam0 2200253 450 | |
| 001 | 2043253121 | |
| 005 | 20201105120100.43 | |
| 010 | @a978-7-302-54265-0@b精装@dCNY198.00 | |
| 100 | @a20200911d2020 em y0chiy50 ba | |
| 101 | 0 | @aeng |
| 102 | @aCN@b110000 | |
| 105 | @ay a 001yy | |
| 200 | 1 | @aThe finite element method@eFundamentals and applications in civil, hydraulic, mechanical and aeronautical Engineering@d= 有限单元法@e基本原理及其在土木、水利、机械和航天工程中的应用@f朱伯芳著@zchi |
| 210 | @a北京@c清华大学出版社@d2020.06 | |
| 215 | @axxi, 843页@d24cm | |
| 320 | @a有书目和索引 | |
| 330 | @a本书系统地阐述了有限单元法的基本原理及其在工程问题中的应用, 包括弹性力学平面问题和空间问题、薄板、薄壳、厚板、厚壳、弹性稳定、塑性力学、大位移、断裂、动力反应、徐变、岩土力学、混凝土与钢筋混凝土、流体力学、热传导、工程反分析、仿真计算、网络自动生成、误差估计及自适应技术。 | |
| 510 | 1 | @a有限单元法@e基本原理及其在土木、水利、机械和航天工程中的应用@zchi |
| 517 | 1 | @aFundamentals and applications in civil, hydraulic, mechanical and aeronautical Engineering |
| 606 | 0 | @a有限元法@Ayou xian yuan fa@x研究@x英文 |
| 690 | @aO241.82@v5 | |
| 701 | 0 | @a朱伯芳@Azhu bo fang@4著 |
| 801 | 0 | @aCN@b人天书店@c20201025 |
| 905 | @aZUCC@dO241.82@eZ831 | |
| The finite element method:Fundamentals and applications in civil, hydraulic, mechanical and aeronautical Engineering= 有限单元法:基本原理及其在土木、水利、机械和航天工程中的应用/朱伯芳著.-北京:清华大学出版社,2020.06 |
| xxi, 843页;24cm |
| ISBN 978-7-302-54265-0(精装):CNY198.00 |
| 本书系统地阐述了有限单元法的基本原理及其在工程问题中的应用, 包括弹性力学平面问题和空间问题、薄板、薄壳、厚板、厚壳、弹性稳定、塑性力学、大位移、断裂、动力反应、徐变、岩土力学、混凝土与钢筋混凝土、流体力学、热传导、工程反分析、仿真计算、网络自动生成、误差估计及自适应技术。 |
| ● |
| 相关链接 |
|
|
|
正题名:The finite element method
索取号:O241.82/Z831
 
预约/预借
| 序号 | 登录号 | 条形码 | 馆藏地/架位号 | 状态 | 备注 |
| 1 | 1478918 | 214789184 | 自科库401/401自科库 80排1列4层/ [索取号:O241.82/Z831] | 在馆 |